| Registos Bibliográficos associados ao registo de autoridade |
|
Etiqueta de registo: 00669cam 2200229 450 001 1057365 003 http://id.bnportugal.gov.pt/bib/catbnp/1057365 005 20011017120900.0 010 ## $a972-8291-06-X 021 ## $aPT$b161747/01 100 ## $a20010525d2001 m y0pory0103 ba 101 0# $apor 102 ## $aPT 105 ## $aa z 001yy 106 ## $ar 200 1# $aQuestões sobre a gravidez$fAssociação para o Planeamento da Família 210 #9 $aLisboa$cAPF,$d2001 215 ## $a29 p.$cil.$d22 cm 606 ## $aPlaneamento familiar$x[Manuais]$2SIPOR$3931298 675 ## $a613.88(035)$vBN$zpor$3561136 710 02 $aAssociação para o Planeamento da Família$3918 966 ## $lBN$mFGMON$sS.A. 97752 V.$x1 966 ## $lBN$mFGMON$sS.A. 97752 V.$x1
Etiqueta de registo: 00904cam 2200277 450 001 1064417 003 http://id.bnportugal.gov.pt/bib/catbnp/1064417 005 20020201152800.0 010 ## $a972-8291-08-6 021 ## $aPT$b164343/01 100 ## $a20010803d2001 m a0pory0103 ba 101 0# $apor 102 ## $aPT 105 ## $ay z 001cy 106 ## $ar 200 1# $aSaúde sexual e reprodutiva no contexto do desenvolvimento$econtributos de um colóqio$fAPF- Associação para o planeamento da família$gcoord. Alice Frade 210 #9 $aLisboa$cA.R.$cAPF,$d2001 215 ## $a99 p.$d30 cm 320 ## $aBibliografia, p. 95-99 606 ## $aEducação sexual$xCongressos$j[Actas]$2SIPOR$31022986 675 ## $a613.88(100)(042)$vBN$zpor$31373344 675 ## $a339.96(4-67UE)(042)$vBN$zpor$31373843 675 ## $a061.3$vBN$zpor$3292562 702 #1 $aFrade,$bAlice$4340$3557238 710 02 $aAssociação para o Planeamento da Família$3918 966 ## $lBN$mFGMON$sS.A. 99083 V.$x1 966 ## $lBN$mFGMON$sS.A. 99083 V.$x1
Etiqueta de registo: 00230nam 2200025 450 001 1804238 003 http://id.bnportugal.gov.pt/bib/catbnp/1804238 010 ## $a978-972-0-70287-6 021 ## $aPT$b316216/10 100 ## $a20120221d2011 d y0pory0103 ba 101 1# $apor$cspa 102 ## $aPT 105 ## $aa z 000yy 106 ## $ar 200 1# $aGuia da sexualidade$e101 perguntas e respostas$fadapt. Maria José Sarabando$grev. Associação para o Planeamento da Família 205 ## $a[1ª ed.] 210 #9 $aPorto$cPorto Editora,$d2011 215 ## $a63, [1] p.$cil.$d29 cm 225 2# $aGuia da sexualidade 304 ## $aTít. orig.: Sexo 101 preguntas y respuestas 333 ## $aA partir dos 10 anos 675 ## $a087.5$vBN$zpor$3287999 675 ## $a613.88-053.6(0.053.6)$vBN$zpor$3857827 702 #1 $aSarabando,$bMaria José$4010$31469448 712 02 $aAssociação para o Planeamento da Família$4675$3918 801 #0 $aPT$bBN$gRPC 856 41 $uhttp://rnod.bnportugal.gov.pt/ImagesBN/winlibimg.aspx?skey=&doc=1804238&img=6697&save=true 900 ## $aBIBNAC$d20121008 966 ## $lBN$mFGMON$sP. 34269 V.$x1 966 ## $lBN$mFGMON$sP. 34269 V.-D$x1
Etiqueta de registo: 00230nam 2200025 450 001 1804231 003 http://id.bnportugal.gov.pt/bib/catbnp/1804231 010 ## $a978-972-0-70286-9 021 ## $aPT$b316215/10 100 ## $a20120221d2011 d y0pory0103 ba 101 1# $apor$cspa 102 ## $aPT 105 ## $aa z 000yy 106 ## $ar 200 1# $aGuia da sexualidade para raparigas$fadapt. Maria José Sarabando$grev. Associação para o Planeamento da Família 205 ## $a[1ª ed.] 210 #9 $aPorto$cPorto Editora,$d2011 215 ## $a63, [1] p.$cil.$d29 cm 225 2# $aGuia da sexualidade 304 ## $aTít. orig.: Sexo para descubrir a las chicas 333 ## $aA partir dos 10 anos 675 ## $a087.5$vBN$zpor$3287999 675 ## $a613.88-053.6(0.053.6)$vBN$zpor$3857827 702 #1 $aSarabando,$bMaria José$4010$31469448 712 02 $aAssociação para o Planeamento da Família$4675$3918 801 #0 $aPT$bBN$gRPC 856 41 $uhttp://rnod.bnportugal.gov.pt/ImagesBN/winlibimg.aspx?skey=&doc=1804231&img=6690&save=true 900 ## $aBIBNAC$d20121008 966 ## $lBN$mFGMON$sP. 34268 V.$x1 966 ## $lBN$mFGMON$sP. 34268 V.-D$x1
Etiqueta de registo: 00230nam 2200025 450 001 1804213 003 http://id.bnportugal.gov.pt/bib/catbnp/1804213 010 ## $a978-972-0-7085-2 021 ## $aPT$b316214/10 100 ## $a20120221d2011 cd y0pory0103 ba 101 1# $apor$cspa 102 ## $aPT 105 ## $aa z 000yy 106 ## $ar 200 1# $aGuia da sexualidade para rapazes$fadapt. Maria José Sarabando$grev. cient. APF-Associação para o Planeamento da Família 205 ## $a[1ª ed.] 210 #9 $aPorto$cPorto Editora,$d2011 215 ## $a63, [1] p.$cil.$d29 cm 225 2# $aGuia da sexualidade 304 ## $aTít. orig.: Sexo para descubrir a los chicos 333 ## $aA partir dos 10 anos 675 ## $a087.5$vBN$zpor$3287999 675 ## $a613.88-053.6(0.053.6)$vBN$zpor$3857827 702 #1 $aSarabando,$bMaria José$4010$31469448 712 02 $aAssociação para o Planeamento da Família$4675$3918 801 #0 $aPT$bBN$gRPC 856 41 $uhttp://rnod.bnportugal.gov.pt/ImagesBN/winlibimg.aspx?skey=&doc=1804213&img=6678&save=true 900 ## $aBIBNAC$d20120906 966 ## $lBN$mFGMON$sP. 34267 V.$x1 966 ## $lBN$mFGMON$sP. 34267 V.-D$x1
Etiqueta de registo: 00230nam 2200025 450 001 1800610 003 http://id.bnportugal.gov.pt/bib/catbnp/1800610 010 ## $a978-972-8291-37-2 021 ## $aPT$b311509/10 100 ## $a20120118d2010 k y0pory0103 ba 101 0# $apor 102 ## $aPT 105 ## $aa z 100yy 106 ## $ar 200 1# $aDesenvolvimento, saúde sexual e reprodutiva e direitos fundamentais$eda mudança do paradigma aos novos desafios da actualidade$econtributos de um colóquio$fColóquio "Desenvolvimento..."$g[org.] Associação para o Planeamento da Familia$gcoord. Alice Frade$grev. Bárbara Vilar 210 #9 $aLisboa$cAPF,$dcop. 2010 215 ## $a95 p.$cil.$d30 cm 675 ## $a613.88(042)$vBN$zpor$3871221 675 ## $a316.42(042)$vBN$zpor$31223352 675 ## $a061.3$vBN$zpor$3292562 702 #1 $aFrade,$bAlice$4340$3557238 702 #1 $aVilar,$bBárbara$4675$31370416 710 12 $aColóquio Desenvolvimento, Saúde Sexual e Reprodutiva e Direitos Fundamentais : da
mudança do paradigma aos novos desafios da actualidade",$eLisboa,$f2010$31480866 712 02 $aAssociação para o Planeamento da Família$4557$3918 801 #0 $aPT$bBN$gRPC 856 41 $uhttp://rnod.bnportugal.gov.pt/ImagesBN/winlibimg.aspx?skey=&doc=1800610&img=4751&save=true 900 ## $aBIBNAC$d20121122 966 ## $lBN$mFGMON$sS.A. 146873 V.$x1 966 ## $lBN$mFGMON$sS.A. 146873 V.-D$x1
Etiqueta de registo: 00595cam 02200217 04500 001 1800480 003 http://id.bnportugal.gov.pt/bib/catbnp/1800480 021 ## $aPT$b145785/99 100 ## $a20120117d2008 k y0pora0103 ba 101 0# $apor 102 ## $aPT 105 ## $ay z 000yy 106 ## $ar 200 1# $aEstatutos$fAssociação para o Planeamento da Família 210 #9 $aLisboa$cA.P.F.,$d2008 215 ## $a23 p.$d21 cm 675 ## $a314.3$vBN$zpor$3295449 675 ## $a613.88$vBN$zpor$3556412 710 02 $aAssociação para o Planeamento da Família$3918 801 #0 $aPT$bBN$gRPC 856 41 $uhttp://rnod.bnportugal.gov.pt/ImagesBN/winlibimg.aspx?skey=&doc=1800480&img=4693&save=true 900 ## $aBIBNAC$d20121015 966 ## $lBN$mFGMON$sS.C. 128048 V.$x1 966 ## $lBN$mFGMON$sS.C. 128048 V.-D$x1
Etiqueta de registo: 00230nam 2200025 450 001 1800428 003 http://id.bnportugal.gov.pt/bib/catbnp/1800428 010 ## $a978-972-8291-38-9 021 ## $aPT$b304186/09 100 ## $a20120117d2009 m y0pory0103 ba 101 1# $apor$ceng 102 ## $aPT 105 ## $aa z 000yy 106 ## $ar 200 1# $aMutilação genital feminina$emanual de formação$eintegração da prevenção e do tratamento nos curricula de profissionais de saúde$fOrganização Mundial da Saúde, Associação para o Planeamento da Família$gtrad. João Conceição e Silva$grev. téc. e adapt. Alice Frade... [et al.] 210 #9 $aLisboa$cAPF,$dD.L. 2009 215 ## $a142 p. a 2 colns$cil.$d30 cm 320 ## $aBibliografia, p. 135-138 675 ## $a618.17(076)$vBN$zpor$31511990 675 ## $a392.1-055.2(076)$vBN$zpor$31511991 702 #1 $aSilva,$bJoão Conceição e$4730$31428557 702 #1 $aFrade,$bAlice$4675$3557238 710 02 $aOrganização Mundial de Saúde$313290 711 02 $aAssociação para o Planeamento da Família$4070$3918 801 #0 $aPT$bBN$gRPC 856 41 $uhttp://rnod.bnportugal.gov.pt/ImagesBN/winlibimg.aspx?skey=&doc=1800428&img=25160&save=true 900 ## $aBIBNAC$d20130311 966 ## $lBN$mFGMON$sS.A. 148664 V.$x1 966 ## $lBN$mFGMON$sS.A. 148664 V.-D$x1
Etiqueta de registo: 00230nam 2200025 450 001 1794098 003 http://id.bnportugal.gov.pt/bib/catbnp/1794098 010 ## $a978-972-8291-39-6 100 ## $a20111110d2010 e y0pory0103 ba 101 1# $apor 102 ## $aPT 105 ## $aa z 001yy 106 ## $ar 200 1# $a Um guia para o desenvolvimento de políticas sobre direitos e saúde sexual e reprodutiva
de jovens na Europa$f[ed. lit.] APF -Associação para o Planeamento da Família$gtrad. Flávia Santos$grev. téc. Alice Frade, Elisa Guerreiro, Yasmine Gonçalves 210 #9 $a[S.l.$cs.n.],$dcop. 2010$e[Braga :$gCentro de Estudos em Educação e Psicologia]) 215 ## $a70 p. a 2 colns$cil.$d30 cm 300 ## $aEd. âmbito Safe Project do IPPF (International Planned Parenthood Federation European
Network, Bruxelas) 320 ## $aContém bibliografia 675 ## $a613.88-053.6(066)$vBN$zpor$31514811 702 #1 $aSantos,$bFlávia Regina Ferreira dos$4730$31423521 702 #1 $aFrade,$bAlice$4675$3557238 702 #1 $aGuerreiro,$bElisa Barros$4675$31412796 702 #1 $aGonçalves,$bYasmine$4675$31473807 712 02 $aAssociação para o Planeamento da Família$4340$3918 801 #0 $aPT$bBN$gRPC 856 41 $uhttp://rnod.bnportugal.gov.pt/ImagesBN/winlibimg.aspx?skey=&doc=1794098&img=22350&save=true 900 ## $aBIBNAC$d20130321 966 ## $lBN$mFGMON$sS.A. 148727 V.$x1 966 ## $lBN$mFGMON$sS.A. 148727 V.-D$x1
Etiqueta de registo: 00230nam 2200025 450 001 1738830 003 http://id.bnportugal.gov.pt/bib/catbnp/1738830 010 ## $a978-972-8291-23-5 021 ## $aPT$b279585/08 100 ## $a20100301d2008 m y0pory0103 ba 101 1# $apor$ceng 102 ## $aPT 105 ## $aa z 001yy 106 ## $ar 200 1# $aLinhas de orientação médicas e de prestação de serviço$epara serviços de saúde sexual e reprodutiva$fFatiha Terki, Usha Malhotra$ged. Mark Powlson, APF - Associação para o Planeamento da Família$gtrad. Elisa Reis$grev. Filipa Castro Ribeiro, Lisa Ferreira Vicente, Elisa Barros Guerreiro 205 ## $a3ª ed 210 #9 $aLisboa$cIPPF,$dD.L. 2008 215 ## $a[12], 427 p.$cil.$d21 cm 304 ## $aTít. orig.: Medical and Service Delivery Guidelines for Sexual and Reproductive Health
Services 675 ## $a613.88(035)$vBN$zpor$3561136 700 #1 $aTerki,$bFatiha$31412294 701 #1 $aMalhotra,$bUsha$4070$31412296 702 #1 $aPowlson,$bMark$4340$31412297 702 #1 $aReis,$bElisa$4730$3194048 702 #1 $aRibeiro,$bFilipa$4675$31412298 702 #1 $aVicente,$bLisa Ferreira,$f1968-$4675$31412299 702 #1 $aGuerreiro,$bElisa Barros$4675$31412796 712 02 $aAssociação para o Planeamento da Família$4340$3918 801 #0 $aPT$bBN$gRPC 900 ## $aBIBNAC$d20100430 966 ## $lBN$mFGMON$sS.A. 131038 V.$x1 966 ## $lBN$mFGMON$sS.A. 131038 V.-D$x1
Etiqueta de registo: 00913cam 2200277 450 001 1084687 003 http://id.bnportugal.gov.pt/bib/catbnp/1084687 005 20030424145400.0 010 ## $z972-8291-05-01 021 ## $aPT$b152901/00 100 ## $a20020527d2000 m y0pory0103 ba 101 1# $apor$cfre 102 ## $aPT 105 ## $aa z 001yy 106 ## $ar 200 1# $aRaparigas!$fAssociação para o Planeamento da Família 210 #9 $aLisboa$cA.P.F.,$d2000 215 ## $a49 p. a 2 colons.$cil.$d22 x 24 cm 304 ## $aTít. orig.: Office fédéral de la santé publique, Berne 606 ## $2SIPOR$3997732 606 ## $2SIPOR$31053186 675 ## $a613.96$vBN$zpor$3472355 675 ## $a613.88-053.6$vBN$zpor$3340731 675 ## $a087.5$vBN$zpor$3287999 710 02 $aAssociação para o Planeamento da Família$3918 966 ## $lBN$mFGMON$sS.A. 101428 V.$x1 966 ## $lBN$mFGMON$sS.A. 101428 V.$x1
Etiqueta de registo: 00904cam 2200277 450 001 1707932 003 http://id.bnportugal.gov.pt/bib/catbnp/1707932 010 ## $a972-8291-21-3 021 ## $aPT$b164343/01 100 ## $a20090403d2005 m a0pory0103 ba 101 0# $apor 102 ## $aPT 105 ## $aa z 100yy 106 ## $ar 200 1# $aDesafios à saúde sexual e reprodutiva e compromissos com o desenvolvimento$e a lusofonia e os 10 anos da CIPD$fConferência Internacional sobre População e Desenvolvimento$g[org.] Associação para o Planeamento da Família, Grupo Parlamentar Português sobre
População e Desenvolvimento, Assembleia da República$gcoord. Alice Frade$grev. Bárbara Vilar 210 #9 $aLisboa$cA.R.$cA.P.F.,$dcop. 2005 215 ## $a117 p.$d30 cm 606 ## $aEducação sexual$xCongressos$j[Actas]$2SIPOR$31022986 675 ## $a613.88(100)(042)$vBN$zpor$31373344 675 ## $a339.96(4-67UE)(042)$vBN$zpor$31373843 675 ## $a061.3$vBN$zpor$3292562 702 #1 $aFrade,$bAlice$4340$3557238 702 #1 $aVilar,$bBárbara$4675$31370416 710 12 $aConferência Internacional sobre População e Desenvolvimento,$eLisboa,$f2005$31370424 712 02 $aAssociação para o Planeamento da Família$4557$3918 712 01 $aPortugal.$bGrupo Parlamentar Português Sobre População e Desenvolvimento$4557$31347432 712 01 $aPortugal.$bAssembleia da República$4557$31364158 801 #0 $aPT$bBN$gRPC 900 ## $aBIBNAC$d20130602 966 ## $lBN$mFGMON$sS.A. 125394 V.$x1 966 ## $lBN$mFGMON$sS.A. 125394 V.-D$x1
Etiqueta de registo: 00904cam 2200277 450 001 1707928 003 http://id.bnportugal.gov.pt/bib/catbnp/1707928 010 ## $a972-8291-13-2 021 ## $aPT$b185138/02 100 ## $a20090403d2001 m a0pory0103 ba 101 0# $apor 102 ## $aPT 105 ## $ay z 100yy 106 ## $ar 200 1# $aSaúde sexual e reprodutiva no contexto do desenvolvimento$ecooperação e erradicação da pobreza$econtributos de um colóquio$fColóquio Sáude Sexual e Reprodutiva no Contexto do Desenvolvimento...$g[org.] APF - Associação para o Planeamento da Família$gcoord. Alice Frade 210 #9 $aLisboa$cA.R.$cA.P.F.,$d2001 215 ## $a151 p.$d30 cm 606 ## $aEducação sexual$xCongressos$j[Actas]$2SIPOR$31022986 675 ## $a613.88(100)(042)$vBN$zpor$31373344 675 ## $a339.96(4-67UE)(042)$vBN$zpor$31373843 675 ## $a061.3$vBN$zpor$3292562 702 #1 $aFrade,$bAlice$4340$3557238 710 12 $aColóquio Saúde Sexual e Reprodutiva no Contexto do Desenvolvimento: Cooperação e Erradicação
da Pobreza$31370401 712 02 $aAssociação para o Planeamento da Família$4557$3918 801 #0 $aPT$bBN$gRPC 900 ## $aBIBNAC$d20130602 966 ## $lBN$mFGMON$sS.A. 125238 V.$x1 966 ## $lBN$mFGMON$sS.A. 125238 V.-D$x1
Etiqueta de registo: 00230nam 2200025 450 001 1707905 003 http://id.bnportugal.gov.pt/bib/catbnp/1707905 021 ## $aPT$b237452/06 100 ## $a20090403d2006 m y0pory0103 ba 101 0# $apor 102 ## $aPT 105 ## $aa z 000yy 106 ## $ar 200 1# $aCrescer$eadolescência, a idade das mudanças explicada por quem já a viveu$f Associação para o Planeamento da Família$gcoord. Dulce Lamas, Rui Marques 210 #9 $aLisboa$cA.P.F.,$dD.L. 2006 215 ## $a15 p.$cil.$d22 cm 675 ## $a087.5$vBN$zpor$3287999 675 ## $a613.88-053.6(0.053.6)$vBN$zpor$3857827 702 #1 $aLamas,$bDulce$4340$31370348 702 #1 $93$aMarques,$bRui$4340$31106824 710 02 $aAssociação para o Planeamento da Família$3918 801 #0 $aPT$bBN$gRPC 900 ## $aBIBNAC$d20130602 966 ## $lBN$mFGMON$sP. 25973 V.$x1 966 ## $lBN$mFGMON$sP. 25973 V.-D$x1
Etiqueta de registo: 00230nam 2200025 450 001 1707901 003 http://id.bnportugal.gov.pt/bib/catbnp/1707901 021 ## $aPT$b174324/01 100 ## $a20090403d2001 m y0pory0103 ba 101 0# $apor 102 ## $aPT 105 ## $aa z 000yy 106 ## $ar 200 1# $aCrescer$fAPF-Associação para o Planeamento da Família$gcoord. Dulce Lamas, Sandra Gil 210 #9 $aLisboa$cAPF,$dD.L. 2001 215 ## $a19 p.$cil.$d20 cm 675 ## $a087.5$vBN$zpor$3287999 675 ## $a613.88-053.6(0.053.6)$vBN$zpor$3857827 702 #1 $aLamas,$bDulce$4340$31370348 702 #1 $aGil,$bSandra$4340$31242186 710 02 $aAssociação para o Planeamento da Família$3918 801 #0 $aPT$bBN$gRPC 900 ## $aBIBNAC$d20130602 966 ## $lBN$mFGMON$sP. 15663 P.$x1 966 ## $lBN$mFGMON$sP. 15663 P.-D$x1
Etiqueta de registo: 00230nam 2200025 450 001 1708146 003 http://id.bnportugal.gov.pt/bib/catbnp/1708146 010 ## $a972-8291-11-6 021 ## $aPT$b180969/02 100 ## $a20090407d2002 m y0pory0103 ba 101 0# $apor 102 ## $aPT 105 ## $aa z 000cy 106 ## $ar 200 1# $aContributos de saúde sexual e reprodutiva para a erradicação da pobreza$fed. APF Associação para o Planeamento Familiar$gcoord. Alice Frade, Sandy Gageiro$gil. José Feitor 210 #9 $aLisboa$cAPF,$dcop. 2002 215 ## $a1 pasta com folhas móveis$cil.$d22 cm 675 ## $a613.88(042)$vBN$zpor$3871221 702 #1 $aFeitor,$bJosé António Neves$4440$3237902 702 #1 $aFrade,$bAlice$4340$3557238 702 #1 $aGageiro,$bSandy$4340$31037836 712 02 $aAssociação para o Planeamento da Família$4340$3918 801 #0 $aPT$bBN$gRPC 900 ## $aBIBNAC$d20130602 966 ## $lBN$mFGMON$sS.A. 125258 V.$x1 966 ## $lBN$mFGMON$sS.A. 125258 V.-D$x1
Etiqueta de registo: 00230cas 2200025 450 001 1650402 003 http://id.bnportugal.gov.pt/bib/catbnp/1650402 011 ## $a1646-1541$f1646-1541 021 ## $aPT$b232290/05 100 ## $a20070803a20059999m y0pory0103 ba 101 0# $apor 102 ## $aPT 106 ## $ar 110 ## $aaiazz 0xx0 200 1# $aEducação sexual em rede$fpropr. APF - Associação para o Planeamento da Família$gdir. Duarte Vilar 207 #0 $aNº 1 (Jul./Set. 2005)- 210 #9 $aLisboa$cAPF,$d2005- 215 ## $d30 cm 326 ## $a3 vezes por ano 530 0# $aEducação sexual em rede 620 ## $dLisboa 675 ## $a613.88(05)$vBN$zpor$3708488 675 ## $a004(05)$vBN$zpor$3905242 702 #1 $aVilar,$bDuarte$4300$3158356 712 02 $aAssociação para o Planeamento da Família$4650$3918 801 #0 $aPT$bBN$gRPC 802 ## $a18 966 ## $lBN$mFGREV$pBloco Gráfico, Lda$sP.P. 28240 V.$x1
Etiqueta de registo: 01131cas 2200349 450 001 566350 003 http://id.bnportugal.gov.pt/bib/catbnp/566350 005 19990103000000.0 011 ## $a0872-7023 095 ## $aPTBN00775254 100 ## $a19951009a19949999m y0pory0103 ba 101 0# $apor 102 ## $aPT 106 ## $ar 110 ## $aauuzz..0zz0 200 1# $aSexualidade & planeamento familiar$fAssociação para o Planeamento da Família$gdir. Luísa Portugal 210 #9 $aLisboa$cA.P.F.,$d[1994?]- 215 ## $d30 cm 303 ## $aDescrição baseada em: s. 2, n. 01 (Jan. / Mar. 1994) 530 0# $aSexualidade e planeamemto familiar 532 13 $aSexualidade e planeamento familiar 606 ## $2SIPOR$3203140 620 ## $dLisboa 675 ## $a613.88(05)$vBN$zpor$3708488 702 #1 $aPortugal,$bLuísa Pinheiro,$f1951-$4300$343378 712 02 $aAssociação para o Planeamento da Família$4650$3918 801 #0 $aPT$bBN$gRPC 930 ## $lBN$mBG$dP.P. 22426 V.$jS. 2, n. 01 (Jan. / Mar. 1994)- 930 ## $lUCBG$dA-9-40 966 ## $c2$lBN$mFGREV$sP.P. 22426 V.$x1
Etiqueta de registo: 00815ckm 02200229 04500 001 105269 003 http://id.bnportugal.gov.pt/bib/catbnp/105269 005 19981120070100.0 095 ## $aPTBN00109411 100 ## $a19871102d1987 km y0pora0103 ba 101 0# $apor 102 ## $aPT 200 1# $aIV Jornadas nacionais de planeamento familiar$bVisual gráfico]$fAssociação para o Planeamento da Família 210 #9 $a[S.l.]$cA.P.F.,$d1987 215 ## $a1 cartaz$cazul$d45x34 cm 330 ## $aCaricatura de figura masculina com o ventre dilatado 675 ## $a613.88(084.5)$vBN$zpor$3309630 675 ## $a061.3(469.322)"1987"(084.5)$vBN$zpor$3302412 675 ## $a766(=1:469)"198"(084.5)$vBN$zpor$31302430 710 12 $aJornadas Nacionais de Planeamento Familiar,$d4,$eCoimbra,$f1987$31093965 712 02 $aAssociação para o Planeamento da Família$4557$3918 801 #0 $aPT$bBN$gRPC 966 ## $lBN$mICONOG$sCT. 3505 V. 997 ## $aBIBEOD 998 ## $aBN020 - 00104
Etiqueta de registo: 00945cam 02200277 04500 001 257418 003 http://id.bnportugal.gov.pt/bib/catbnp/257418 005 19981205190200.0 095 ## $aPTBN00267744 100 ## $a19910603d1991 m y0pory0103 ba 101 1# $apor 102 ## $aPT 105 ## $aa z 000yy 106 ## $ar 200 1# $a A sexualidade humana$e35 questões sobre a sexualidade para jovens$fConchita Faro, Angels Martinez de Castilla e Albert Oliva$gtrad. e adapt. Associação para o Planeamento de Família 210 #9 $aLisboa$cA.P.F.,$d[D.L. 1991] 215 ## $a15 p.$cil.$d17x24 cm 675 ## $a613.88-053.6$vBN$zpor$3340731 700 #1 $aFaro,$bConchita$329850 701 #1 $aMartínez de Castilla,$bAngels$4070$329851 701 #1 $aOliva,$bAlbert$4070$329852 712 02 $aAssociação para o Planeamento da Família$4010$3918 801 #0 $aPT$bBN$gRPC 966 ## $c2$lBN$mFGMON$sS.A. 37357 P.$x1 966 ## $c2$lBN$mFGMON$sS.A. 37357 P.$x1 997 ## $aBIBEOD
Etiqueta de registo: 00595cam 02200217 04500 001 106798 003 http://id.bnportugal.gov.pt/bib/catbnp/106798 005 19981120102100.0 095 ## $aPTBN00110977 100 ## $a19880303d1987 m y0pora0103 ba 101 0# $apor 102 ## $aPT 200 1# $aEstatutos$fAssociação para o Planeamento da Família 210 #9 $aLisboa$cA. P. F.,$d1987 215 ## $a18 p.$d22 cm 675 ## $a314.3$vmed$zpor$3295449 675 ## $a613.88$vmed$zpor$3556412 710 02 $aAssociação para o Planeamento da Família$3918 801 #0 $aPT$bBN$gRPC 966 ## $lBN$mFGMON$sS.C. 61212 V. 997 ## $aBIBEOD 998 ## $aBN885 - 00097
Etiqueta de registo: 01007cam 2200337 450 001 917743 003 http://id.bnportugal.gov.pt/bib/catbnp/917743 005 19990610000000.0 010 ## $a972-47-0981-7 021 ## $aPT$b107989/97 095 ## $aPTBN00931753 100 ## $a19971112d1997 m y0pory0103 ba 101 1# $apor$cfre 102 ## $aPT 105 ## $aa z 001yy 106 ## $ar 200 1# $aSida$fArcat-Sida$gcom a colab. Associação para o Planeamento da Família$gtrad. Margarida Afonso 205 ## $a1ª ed 210 #9 $aLisboa$cTexto,$d1997 215 ## $a63, [1] p.$cil.$d18 cm 225 2# $aBiblioteca universal 304 ## $aTít. orig.: Le Sida 675 ## $a614.4(076)$vBN$zpor$3834184 675 ## $a616.988(076)$vBN$zpor$3834185 702 #1 $aAfonso,$bMargarida$4730$3269696 710 02 $aArcat-Sida$3269697 712 02 $aAssociação para o Planeamento da Família$4070$3918 801 #0 $aPT$bBN$gRPC 966 ## $c2$lBN$mFGMON$sS.A. 38325 P.$x1 966 ## $c2$lBN$mFGMON$sS.A. 38325 P.$x1
Etiqueta de registo: 01232cam 2200337 450 001 919368 003 http://id.bnportugal.gov.pt/bib/catbnp/919368 005 19990610000000.0 021 ## $aPT$b107564/97 095 ## $aPTBN00933555 100 ## $a19971129d1996 m a0pory0103 ba 101 0# $apor 102 ## $aPT 105 ## $aa z 001yy 106 ## $ar 200 1# $aSexualidade e planeamento familiar$fNuno Silva Miguel, Maria da Purificação Araújo, Maria Antónia Fiadeiro$gcolab. Associação para o Planeamento da Família$g[ed. lit.] Comissão para a Igualdade e para os Direitos das Mulheres 205 ## $a4ª ed 210 #9 $aLisboa$cC.I.D.M.,$d1996 215 ## $a54, [2] p.$cil.$d21 cm 225 2# $aInformar as mulheres$v14 675 ## $a314.3$vBN$zpor$3295449 675 ## $a613.88$vBN$zpor$3556412 700 #1 $aMiguel,$bNuno Silva$326736 701 #1 $aAraújo,$bMaria da Purificação$4070$36564 701 #1 $aFiadeiro,$bMaria Antónia,$f1942-$4070$337056 712 01 $aPortugal.$bComissão para a Igualdade e para os Direitos das Mulheres$4340$328806 712 02 $aAssociação para o Planeamento da Família$4070$3918 801 #0 $aPT$bBN$gRPC 966 ## $c2$lBN$mFGREV$sP.P. 22224 V.$x1 966 ## $c2$lBN$mFGREV$sP.P. 22224 V.$x1
Etiqueta de registo: 00799cas 022002651 04500 001 59741 003 http://id.bnportugal.gov.pt/bib/catbnp/59741 005 19981116193600.0 095 ## $aPTBN00061717 100 ## $a19781001c1978 m y0pora0103 ba 101 0# $apor 102 ## $aPT 200 1# $aPlaneamento familiar$fAssociação para o Planeamento da Família$gchefe de redacção Miguel Oliveira da Silva 207 #0 $a1 (Set. 1978)- 210 #9 $aLisboa$cA. P. F.,$d1978- 215 ## $d30 cm 300 ## $aTrimestral 606 ## $aMedicina$2BN-P$322364 675 ## $a613(05)$vmed$zpor$3289597 702 #1 $aSilva,$bMiguel Oliveira da,$f1952-$4340$381190 712 02 $aAssociação para o Planeamento da Família$4650$3918 801 #0 $aPT$bBN$gRPC 966 ## $lBN$mFGREV$sP.P. 4172 A. 998 ## $aCR021 - 00270
Etiqueta de registo: 01175cam 02200313 04500 001 1017827 003 http://id.bnportugal.gov.pt/bib/catbnp/1017827 005 20000718151800.0 010 ## $a972-8291-03-5 021 ## $aPT$b140102/99 100 ## $a20000327d1999 m y0pory0103 ba 101 0# $apor 102 ## $aPT 105 ## $aa z 001yy 106 ## $ar 200 1# $aRede de recursos no âmbito da formação em VIH/Sida$edinâmicas de intervenção social$eoficina de formação de formadores$fMilice Ribeiro dos Santos, Angelina Carvalho$gcoord. Associação para o Planeamento da Família, Liga Portuguesa Contra a Sida 210 #9 $aLisboa$cAPF,$dD.L. 1999 215 ## $a158 p., f. móveis$cil.$d24 cm 320 ## $aBibliografia, p. 109-110 606 ## $2SIPOR$3947758 675 ## $a616.988(076)$vBN$zpor$3834185 675 ## $a614.4(076)$vBN$zpor$3834184 675 ## $a377(076)$vBN$zpor$3487158 675 ## $a371.13(035)$vBN$zpor$3947756 700 #1 $aSantos,$bMilice Ribeiro dos,$f1944-$348219 701 #1 $aCarvalho,$bAngelina,$f1951-2014$4070$387450 712 02 $aAssociação para o Planeamento da Família$4340$3918 712 02 $aLiga Portuguesa contra a Sida$4340$3946284 966 ## $lBN$mFGMON$sS.A. 92580 V.$x1 966 ## $lBN$mFGMON$sS.A. 92580 V.$x1
Etiqueta de registo: 00230nam 2200025 450 001 1751705 003 http://id.bnportugal.gov.pt/bib/catbnp/1751705 010 ## $a978-972-8291-25-9 021 ## $aPT$b288734/09 100 ## $a20100721d2009 m f0pory0103 ba 101 1# $apor$ceng 102 ## $aPT 105 ## $aa z 000yy 106 ## $ar 200 1# $aEliminação da mutilação genital feminina$edeclaração conjunta OHCHR, ONUSIDA, PNUD, UNECA, UNESCO, UNFPA, ACNUR, UNICEF, INIFEM,
OMS$fOrganização Mundial de Saúde, APF-Associação para o Planeamento da Família$gtrad. João Conceição e Silva$grev. Alice Frade... [et al.] 210 #9 $a[Lisboa]$cAssociação para o Planeamento da Família$dimp. 2009 215 ## $a45 p. a 2 colns$cil.$d30 cm 304 ## $aTít. orig.: Eliminating female genital mutilation : an interangency statement OHCHR,
ONUAIDS, UNDP, UNECA, UNESCO, UNFPA, UNHCR, UNICEF, INIFEM, WHO 320 ## $aReferências, p. 41-45 675 ## $a392.1-055.2$vBN$zpor$31437884 675 ## $a342.72-055.2$vBN$zpor$31437885 702 #1 $aSilva,$bJoão Conceição e$31428557 710 02 $aOrganização Mundial de Saúde$313290 711 02 $aAssociação para o Planeamento da Família$4070$3918 801 #0 $aPT$bBN$gRPC 900 ## $aBIBNAC$d20101129 966 ## $lBN$mFGMON$sS.C. 122978 V.$x1 966 ## $lBN$mFGMON$sS.C. 122978 V.-D$x1
Etiqueta de registo: 00230nas 2200025 450 001 1694199 003 http://id.bnportugal.gov.pt/bib/catbnp/1694199 011 ## $a1645-2364 100 ## $a20081017b20012001m__y0pory0103 ba 101 0# $apor 102 ## $aPT 106 ## $ar 110 ## $aayyzz__0xx0 200 1# $aInformação$fGrupo Parlamentar Português Sobre População e Desenvolvimento, Associação para o Planeamento
da Família 207 #0 $aNº 1/2 (Jan./Jun. 2001) 210 #9 $aLisboa$cG.P.P.S.P.D.,$d2001 215 ## $d30 cm 530 1# $aInformação - Associação para o Planeamento da Famìlia 620 ## $dLisboa 675 ## $a341.23(05)$vBN$zpor$3758535 675 ## $a314.33(05)$vBN$zpor$31348227 712 02 $aAssociação para o Planeamento da Família$4650$3918 712 01 $aPortugal.$bGrupo Parlamentar Português Sobre População e Desenvolvimento$4650$31347432 801 #0 $aPT$bBN$gRPC 966 ## $lBN$mFGREV$sP.P. 29034 V.$x1
Etiqueta de registo: 00679cas 2200229 450 001 1229798 003 http://id.bnportugal.gov.pt/bib/catbnp/1229798 011 ## $a1645-1813 100 ## $a20040511a198 9999m y0pory0103 ba 101 0# $apor 102 ## $aPT 106 ## $ar 110 ## $aauuzz 0xx0 200 1# $aBoletim médico da IPPF$fAPF - Associação para o Planeamento Familiar 205 ## $aEd. em língua portuguesa 210 #9 $aLisboa$cAPF,$d[198-]- 215 ## $d30 cm 300 ## $aIPPF International Planned Parenthood Federation 303 ## $aDescrição baseada em: v. 35, nº 3 (Jun. 2001) 530 0# $aBoletim médico da IPPF 606 ## $2SIPOR$3146676 620 ## $dLisboa 675 ## $a61(05)$vBN$zpor$3288508 712 02 $aAssociação para o Planeamento da Família$4650$3918 801 #0 $aPT$bBN$gRPC 966 ## $lBN$mFGREV$sP.P. 26962 V.$x1
Etiqueta de registo: 00000nkm 2200025 450 001 2260297 003 http://id.bnportugal.gov.pt/bib/catbnp/2260297 100 ## $a20260204f1966 m y0pory01030103ba 101 0# $apor 102 ## $aPT 200 1# $aSer desejado, primeiro direito da criança, APF - Associação para o Planeamento da
Família$bVisual gráfico]$fAssociação para o Planeamento da Família 210 #9 $aLisboa$cAssociação para o Planeamento da Família,$d[posterior a 1966]$gVisão Gráfica) 215 ## $a1 cartaz$ccolor.$d48x33 cm 306 ## $aDatação atribuída em conformidade com as designações institucionais 317 ## $aColeção Madeira Luís 675 ## $a766(=1:469)"196/7"(084.5)$vBN$zpor$31982016 710 02 $aAssociação para o Planeamento da Família$3918 801 #0 $aPT$bBN$gRPC 966 ## $lBN$mICONOG$sCT. 13455 V.$x3 971 ## $cCaticonografia3$d20260204 995 ## $aPRR2026 $d20260204$iCaticonografia3
Etiqueta de registo: 00000nkm 2200025 450 001 2262344 003 http://id.bnportugal.gov.pt/bib/catbnp/2262344 100 ## $a20260206d1987 m y0pory01030103ba 101 0# $apor 102 ## $aPT 200 1# $aAPF 1967-1987, 20 anos pelo planeamanento familiar e pela educação sexual, Semana
Comemorativa 6 a 10 julho 1987, 3.º seminário sobre educação sexual em cooperação
com o Sindicato de Professores da Grande Lisboa 9 a 10 julho 1987$bVisual gráfico]$fAssociação para o Planeamanento da Família 210 #9 $a[S.l.]$cAssociação para o Planeamanento da Família,$d1987 215 ## $a1 cartaz$ccolor.$d59x39,9 cm 317 ## $aColeção Madeira Luís 675 ## $a766(=1:469)"198"(084.5)$vBN$zpor$31302430 710 02 $a20 anos pelo Planeamento Familiar e Pela Educação Sexual,$eLisboa,$f1987$31994292 711 02 $aSeminário sobre Educação Sexual,$d3,$eLisboa,$f1987$31994293 712 02 $aAssociação para o Planeamento da Família$4557$3918 801 #0 $aPT$bBN$gRPC 966 ## $lBN$mICONOG$sCT. 19929 A.$x3 971 ## $cCatmusica8$d20260206 995 ## $aPRR2026 $d20260206$iCatmusica8
Etiqueta de registo: 00000nkm 2200025 450 001 2262094 003 http://id.bnportugal.gov.pt/bib/catbnp/2262094 100 ## $a20260206f1981 m y0pory01030103ba 101 0# $apor 102 ## $aPT 200 1# $aColóquio O Direito dos Jovens à Contracepção, debate sobre o parecer da Proc. Geral
da República, 26 novembro$bVisual gráfico]$fAssociação para o Planeamento da Família 210 #9 $aLisboa$cAssociação para o Planeamento da Família,$d[1981] 215 ## $a1 cartaz$ccolor.$d59,5x42,3 306 ## $aDatação atribuída em conformidade com o acontecimento anunciado 317 ## $aColeção Madeira Luís 675 ## $a766(=1:469)"198"(084.5)$vBN$zpor$31302430 710 02 $aAssociação para o Planeamento da Família$3918 801 #0 $aPT$bBN$gRPC 966 ## $lBN$mICONOG$sCT. 19921 A.$x3 971 ## $cCaticonografia6$d20260206 995 ## $aPRR2026 $d20260206$iCaticonografia6
Etiqueta de registo: 00000nkm 2200025 450 001 2272089 003 http://id.bnportugal.gov.pt/bib/catbnp/2272089 100 ## $a20260225f19801989m y0pory01030103ba 101 0# $apor 102 ## $aPT 200 1# $a4ªs. feiras jovens, informação, diálogo sobre sexualidade$bVisual gráfico]$fAPF - Associação para o Planeamento da Família$gdesign de Miguel de Brito e Sérgio Moraes$gfotografias de Sérgio Moraes 210 #9 $aLisboa$cAssociação para o Planeamento da Família,$d[entre 1980 e 1989]$e[Lisboa] :$gCasa Portuguesa) 215 ## $a1 cartaz$ccolor.$d69,5x60 cm 306 ## $aDatação em conformidade com as características formais do documento 317 ## $aColeção Madeira Luís 702 #1 $aBrito,$bMiguel de$4410$31987530 702 #1 $aMorais,$bSérgio$4600$4410$398449 710 02 $aAssociação para o Planeamento da Família$3918 801 #0 $aPT$bBN$gRPC 966 ## $lBN$mICONOG$sCT. 7520 R.$x3 971 ## $cCaticonografia5$d20260225 972 ## $d20260228 $e1$vmferro$z0 995 ## $aPRR2026 $d20260225$iCaticonografia5
Etiqueta de registo: 00000nkm 2200025 450 001 2276127 003 http://id.bnportugal.gov.pt/bib/catbnp/2276127 100 ## $a20260305d1989 m y0pory01030103ba 101 0# $apor 102 ## $aPT 200 1# $a5ªs Jornadas Nacionais de Palneamento Familiar (APF), Lisboa, 24 e 25 novembro$bVisual gráfico]$fAssociação para o Planeamento da Família 210 #9 $aLisboa$cAssociação para o Planeamento da Família,$d1989 215 ## $a1 cartaz$ccolor.$d68x47 cm 317 ## $aColeção Madeira Luís 710 02 $aAssociação para o Planeamento da Família$3918 801 #0 $aPT$bBN$gRPC 966 ## $lBN$mICONOG$sCT. 23483 A.$x3 971 ## $cCaticonografia10$d20260305 995 ## $aPRR2026
|
|
|